书目信息 |
| 题名: |
让管理回归常识
|
|
| 作者: | 李刚 , 于洪波 著 | |
| 分册: | ||
| 出版信息: | 北京 机械工业出版社 2013 |
|
| 页数: | 11,149页 | |
| 开本: | 24cm | |
| 丛书名: | ||
| 单 册: | ||
| 中图分类: | C93-49 | |
| 科图分类: | ||
| 主题词: | 管理学--通俗读物 , 管理学 | |
| 电子资源: | ||
| ISBN: | 978-7-111-43662-1 | |
| 000 | 00789nam0 2200253 450 | |
| 001 | 523 | |
| 005 | 20140905095052.78 | |
| 010 | @a978-7-111-43662-1@dCNY30.00 | |
| 100 | @a20131211d2013 em y0chiy50 ea | |
| 101 | 0 | @achi |
| 102 | @aCN@b110000 | |
| 105 | @ay z 000yy | |
| 106 | @ar | |
| 200 | 1 | @a让管理回归常识@f李刚,于洪波著 |
| 210 | @a北京@c机械工业出版社@d2013 | |
| 215 | @a11,149页@d24cm | |
| 330 | @a本书源于作者十多年学管理、讲管理、做管理的经历,涵盖了战略思考、组织优化、人的管理、制度建设及文化整合五个层面。全书没有公式,没有模型,有的只是案例和故事,以及思考和感悟。 | |
| 606 | 0 | @a管理学@j通俗读物 |
| 606 | 0 | @a管理学 |
| 690 | @aC93-49@v5 | |
| 701 | 0 | @a李刚@4著 |
| 701 | 0 | @a于洪波@4著 |
| 801 | 0 | @aCN@bTANGWEI@c20140603 |
| 905 | @b0842723-25@dC93-49@e481@f3 | |
| 让管理回归常识/李刚,于洪波著.-北京:机械工业出版社,2013 |
| 11,149页;24cm |
| ISBN 978-7-111-43662-1:CNY30.00 |
| 本书源于作者十多年学管理、讲管理、做管理的经历,涵盖了战略思考、组织优化、人的管理、制度建设及文化整合五个层面。全书没有公式,没有模型,有的只是案例和故事,以及思考和感悟。 |
| ● |
| 相关链接 |
|
|
|
|
正题名:让管理回归常识
索取号:C93-49/481
 
预约/预借
| 序号 | 登录号 | 条形码 | 馆藏地/架位号 | 状态 | 备注 |
| 1 | 0842723 | 208427237 | 第一样本阅览室/ [索取号:C93-49/481] | 在馆 | |
| 2 | 0842724 | 208427246 | 第一借阅区/ [索取号:C93-49/481] | 在馆 | |
| 3 | 0842725 | 208427255 | 第一借阅区/ [索取号:C93-49/481] | 在馆 |